BIMBO AND TOPSY (Record no. 214)
[ view plain ]
| 000 -LEADER | |
|---|---|
| fixed length control field | 00666nam a22001457a 4500 |
| 020 ## - INTERNATIONAL STANDARD BOOK NUMBER | |
| ISBN | 0-7497-0819-0 |
| 082 ## - DEWEY DECIMAL CLASSIFICATION NUMBER | |
| Classification number | 823 |
| Item number | BLY/B |
| 100 ## - MAIN ENTRY--AUTHOR NAME | |
| Personal name | ENID BLYTON |
| 245 ## - TITLE STATEMENT | |
| Title | BIMBO AND TOPSY |
| 260 ## - PUBLICATION, DISTRIBUTION, ETC. (IMPRINT) | |
| Place of publication | GREAT BRITAIN |
| Name of publisher | MAMMOTH |
| 300 ## - PHYSICAL DESCRIPTION | |
| Number of Pages | 185 |
| 520 ## - SUMMARY, ETC. | |
| Summary, etc | BIMBO THE KITTEN AND TOPSY THE TERRIER ARE THE BEST OF FRIENDS. THEY ARE ALWAYS PLAYING TRICKS ON ONE ANOTHER AND GETTING UP TO MISCHIEF. THEY SNEAK INTO THE LARDER AND GOBBLE UP ALL THE FOOD, BIMBO FALLS DOWN A CHIMNEY, AND HETS HIS HEAD STUCK IN A CREAM JUG, AND WHEN TOPSY IS HUNGRY, HE EATS A CAKE - OF SOAP! THERE'S NO END TO THEIR NAUGHTINESS! |
| 650 ## - SUBJECT ADDED ENTRY--TOPICAL TERM | |
| Topical Term | CHILDREN'S STORY BOOK |
| Geographic subdivision | UNITED KINGDOM |
| 942 ## - ADDED ENTRY ELEMENTS (KOHA) | |
| Koha item type | Books |
| Withdrawn status | Lost status | Collection code | Home library | Current library | Shelving location | Date acquired | Full call number | Accession Number | Koha item type |
|---|---|---|---|---|---|---|---|---|---|
| Fiction | Main Library | Main Library | SHELF-12D-ENID BLYTON FAMOUS FIVE | 08/03/2002 | 823 BLY/B | 00041 | Books |